| 000 | 00517 a2200145 4500 | ||
|---|---|---|---|
| 040 | _a0 | ||
| 082 | _aPGDIT-3 | ||
| 100 |
_aAzeema Shaukat. _9105976 |
||
| 245 |
_aGUI as a teaching aid for network programming _cAzeema Shaukat. |
||
| 260 |
_aIslamabad : _bNUST School of Electrical Engineering & Computer Science, _c2003. |
||
| 300 |
_avii, 64 p. : _bill. ; _c27 cm. + _eCD-ROM |
||
| 500 | _aSupervisor : Mr. Nadeem Ahmad. | ||
| 856 | _uhttp://10.250.8.41:8080/xmlui/handle/123456789/31855 | ||
| 942 |
_cPR _kPGDIT-3 AZE _2ddc |
||
| 999 |
_c9191 _d9191 |
||